Statystyki dla Eredivisie mistrzowie w XXI wieku

Kliknij tutaj aby rozwiązać quiz!

Ogólne statystyki

  • Ten quiz został rozwiązany 417 razy
    (144 od ostatniego zresetowania)
  • Średni wynik to 20 z 21

Statystyki odpowiedzi

SezonDrużyna% Poprawnych
2003/2004Ajax Amsredam
100%
2021/2022Ajax Amsterdam
100%
2001/2002Ajax Amsterdam
100%
2020/2021Ajax Amsterdam
100%
2018/2019Ajax Amsterdam
100%
2013/2014Ajax Amsterdam
100%
2012/2013Ajax Amsterdam
100%
2011/2012Ajax Amsterdam
100%
2010/2011Ajax Amsterdam
100%
2007/2008PSV
98%
2006/2007PSV
98%
2005/2006PSV
98%
2014/2015PSV
98%
2015/2016PSV
98%
2017/2018PSV
98%
2004/2005PSV
98%
2002/2003PSV
98%
2000/2001PSV
98%
2016/2017Feyenoord
90%
2008/2009AZ Alkmaar
64%
2009/2010Twente
63%

Rozkład punktacji

Percentyl według liczby udzielonych odpowiedzi

Procent ludzi z każdym wynikiem

Twoja historia wyników

Nie rozwiązałeś tego quizu od ostatniego zresetowania